| 000 | 00551nam a2200181 a 4500 | ||
|---|---|---|---|
| 005 | 20210223120406.0 | ||
| 008 | 991125s1992 ag 000 0 spa u | ||
| 035 | _aUPN01000000051 | ||
| 049 | _aCG | ||
| 050 | 4 |
_aPQ7082 C8 _bD5.3 |
|
| 245 | 0 | 0 |
_a16 Cuentos latinoamericanos : _bantología para jóvenes / _cJulio Cortazar ... [et al.]. |
| 260 |
_aArgentina : _bAique, _c1992. |
||
| 300 | _a221 p. | ||
| 500 | _a"Coedición latinoamericana" | ||
| 650 | 4 |
_aCUENTOS LATINOAMERICANOS _912678 |
|
| 700 | 1 |
_aCortázar, Julio, _d1914-1984 _ecoaut. |
|
| 905 | _aLibro | ||
| 999 |
_c51 _d51 |
||